| 000 | 00659nam a22002057a 4500 | ||
|---|---|---|---|
| 942 | _cBK | ||
| 999 |
_c610 _d610 |
||
| 005 | 20250420134818.0 | ||
| 008 | 200812b ||||| |||| 00| 0 eng d | ||
| 020 | _a9781633691780 | ||
| 040 | _cKCST | ||
| 082 |
_a658.4063 _bCh In |
||
| 100 |
_aChristensen, Clayton M _95071 |
||
| 245 |
_a The innovator's dilemma : _bwhen new technologies cause great firms to fail / _cClayton M. Christensen |
||
| 260 |
_aBoston, Massachusetts : _bHarvard Business Review Press, _c2016. |
||
| 300 | _a556 p. | ||
| 650 |
_aCreative ability in business _91403 |
||
| 650 |
_aIndustrial management. _95072 |
||
| 650 |
_aCustomer services. _95073 |
||
| 942 | _2ddc | ||